ბათუმის შოთა რუსთაველის სახელმწიფო უნივერსიტეტის ბიბლიოთეკა

არქეოლოგიური აღმოჩენების პირველადი დახმარება / (ბიბ.ჩანაწერი № 60274)

000 -ლიდერი
ფიქსირებული სიგრძის საკონტროლო ველი 01316nam a22002297a 4500
003 - საკონტროლო ნომრის იდენტიფიკატორი
საკონტროლო ველი Ge_BSU
005 - ბოლო ოპერაციის თარიღი და დრო
საკონტროლო ველი 20230623125132.0
008 - ფიქსირებული სიგრძის მონაცემთა ელემენტები - ზოგადი ინფორმაცია
ფიქსირებული სიგრძის საკონტროლო ველი 230623s2017 ge ||||| |||| 00| 0 geo d
020 ## - წიგნის საერთაშორისო სტანდარტული ნომერი
International Standard Book Number 9789941098628
041 ## - ენის კოდი
Language code of text/sound track or separate title geo
080 ## - უნივერსალური ათობითი კლასიფიკაციის ინდექსი
Universal Decimal Classification number 902.2(075.8) ვ-24
100 ## - მთავარი ჩანაწერი - პიროვნების სახელი
Personal name ვატკინსონი, დევიდ
9 (RLIN) 18929
245 ## - ცნობა სათაურის შესახებ
Title არქეოლოგიური აღმოჩენების პირველადი დახმარება /
Statement of responsibility, etc დევიდ ვატკინსონი და ვირჯინია ნილი; ქართ. ვერსიის რედაქტორი და ინგლისურიდან თარგმანი ნინო ქებულაძე.
264 ## - წარმოების, გამოცემის, დისტრიბუციის და სხვა ცნობები
გამოცემის, წარმოების, დისტრიბუციის... ადგილი თბილისი,
გამოცემის, წარმოების, დისტრიბუციის... თარიღი 2017.
300 ## - ფიზიკური აღწერა
Extent 172 გვ. :
Other physical details ნახ., ტაბ. ;
Dimensions 21 სმ.
500 ## - ზოგადი შენიშვნა
General note თავფურცლის მე-3 გვერდი ინგლ. ენაზე.
504 ## - BIBLIOGRAPHY, ETC. NOTE
Bibliography, etc ბიბლიოგრ.: გვ. 165-171.
653 ## - INDEX TERM--UNCONTROLLED
Uncontrolled term არქეოლოგიური გათხრები
700 ## - ADDED ENTRY--PERSONAL NAME
Personal name ნილი, ვირჯინია
Relator term ავტორი.
9 (RLIN) 18930
700 ## - ADDED ENTRY--PERSONAL NAME
Personal name ქებულაძე, ნინო
Relator term რედაქტორი, მთარგმნელი
9 (RLIN) 18931
942 ## - ADDED ENTRY ELEMENTS (KOHA)
Source of classification or shelving scheme
Koha item type წიგნი
ეგზემპლარები
ჩამოწერის სტატუსი დაკარგული ეგზემპლარის სტატუსი კლასიფიკაციის წყარო ან თაროზე გაწყობის სქემა დაზიანების სტატუსი არ გაიცემა მუდმივი მდებარეობა (დაცვის ადგილი) ამჟამინდელი ადგილსამყოფელი თაროზე განთავსების ადგილი შეძენის თარიღი ღირებულება, შესყიდვის ნორმალური ფასი სრული შენახვის შიფრი შტრიხკოდი ბოლო ოპერაციის თარიღი ეგზემპლარის მიმდევრობითი ნომერი (კეტერი?) Uniform Resource Identifier ფასის ძალაში შესვლის თარიღი ეგზემპლარის სახეობა საჯარო შენიშვნა
          ბათუმის შოთა რუსთაველის სახელმწიფო უნივერსიტეტის მთავარი ბიბლიოთეკა ბათუმის შოთა რუსთაველის სახელმწიფო უნივერსიტეტის მთავარი ბიბლიოთეკა წიგნის კალათა 2023-06-23 8.00 902.2(075.8) ვ-24 64783 2023-06-23 64783 ბსუ-ს საპატიო დოქტორის გურამ ლორთქიფანიძის საჩუქარი 2023-06-23 წიგნი 8 ლ.